Informatika a automatizácia v riadení procesov : IX. vedecká konferencia s medzinárodnou účasťou, Zvolen, 23.10.2014

Saved in:
Bibliographic Details
Other Authors: Naščák, Ľubomír (Reviewer), Pivarčiová, Elena (Reviewer)
Format: Book
Published: Zvolen : Technická univerzita vo Zvolene, 2014
Edition:1. vyd.
Tags: Add Tag
No Tags, Be the first to tag this record!

MARC

LEADER 00000nam a22000003a 4500
001 stu300723
005 20150622020726.4
008 141114s2014----xo----------------------d
020 |a 978-80-228-2685-3 
040 |a STU  |b slo 
044 |a xo 
100 1 |a Naščák, Ľubomír  |4 rev 
245 1 |a Informatika a automatizácia v riadení procesov :  |b IX. vedecká konferencia s medzinárodnou účasťou, Zvolen, 23.10.2014  |h [elektronický zdroj] 
250 |a 1. vyd. 
260 |a Zvolen :  |b Technická univerzita vo Zvolene,  |c 2014 
300 |a 1 CD-ROM, 52 s 
700 1 |a Pivarčiová, Elena  |4 rev 
996 |b 284M084416  |c M*CD-2483  |l MMKN  |s A  |a 24  |w stu300723_0001